LEADER 02044nam a2200409 u 4500 001 000000007776 003 CaOOAMICUS 005 20070226105024.0 008 940610m19721982de u000 u ger u 020 $a3-7887-0029-7 (Bd. 1) 020 $a3-7887-0564-7 (Bd. 2) 020 $a3-7887-0589-2 (Bd. 3) 035 $a10203517 040 $aPUL$bita 100 1 $aWildberger, Hans.$0(OLS)http://pul/name/7767 245 10$aJesaja /$cHans Wildberger. 260 $aNeukirchen-Vluyn :$bNeukirchener Verlag,$c1972-1982. 300 $a3 v. (viii, 1753 p.) ;$c25 cm 490 1 $aBiblischer Kommentar.$aAltes Testament ;$vBd. 10 500 $aComprende indici e indicazioni bibliografiche. 630 04$aBiblia.$pV.T.$pIsaias.$nI-XXXIX.$0(OLS)http://pul/subject/6768 730 00$aBiblia.$pV.T.$pIsaias.$nI-XXXIX.$lTedesco.$0(OLS)http://pul/title/11328 830 0$aBiblischer Kommentar.$pAltes Testament ;$vBd. 10.$0(OLS)http://pul/title/804 850 $aPUL 852 $aPUL$W1$xSL Religione 1$y3$m1(6) L 10/1-3$j11020$nBK-PRI$b $qStampati$B11020$CPULBib$Z2$F11020 $H $81 852 $aPUL$W1$xSL Religione 1$y3$m1(6) L 10/1-3$j11020$nBK-PRI$b $qStampati$B11021$CPULBib$Z2$F11021 $H $81 852 $aPUL$W1$xSL Religione 1$y3$m1(6) L 10/1-3$j11020$nBK-PRI$b $qStampati$B11022$CPULBib$Z2$F11022 $H $81 941 1 $a8 961 $aINV: Il "Band 10, Teilbd. 1" è la seconda edizione (1980). 961 $aINV: Il "Band 10, Teilbd. 1" è la seconda edizione (1980). 961 $aINV: Il "Band 10, Teilbd. 1" è la seconda edizione (1980). 983 0$aBKAT. 996 $6020$a3-7887-0029-7 (Bd. 1)$9(OLS)http://pul/number/9994 996 $6020$a3-7887-0564-7 (Bd. 2)$9(OLS)http://pul/number/9995 996 $6020$a3-7887-0589-2 (Bd. 3)$9(OLS)http://pul/number/9996 996 $6245$aJesaja$9(OLS)http://pul/title/11327 996 $6260$aNeukirchen-Vluyn :$bNeukirchener Verlag$9(OLS)http://pul/publisher/48213 LEADER 01322nam a2200313 a 4500 001 000000143554 003 CaOOAMICUS 005 20150525144419.0 008 150525s1984 it u000 u ita r 020 $z88-07-08015-X* 040 $aPUL$bita 041 1 $aita$heng 100 1 $aBettelheim, Bruno.$0(OLS)http://pul/name/81234 240 10$aUses of enchantment.$lItaliano.$0(OLS)http://pul/title/160929 245 13$aIl mondo incantato :$buso, importanza e significati psicoanalitici delle fiabe /$cBruno Bettelheim. 260 $aMilano :$bFeltrinelli,$c1984. 300 $a310 p. ;$c22 cm 490 1 $aSaggi 504 $aContiene riferimenti bibliografici ed indice. 650 4$aPsicologia infantile$xStudi.$0(OLS)http://pul/subject/26376 830 0$aSaggi (Feltrinelli).$0(OLS)http://pul/title/74988 850 $aPUL 852 $aPUL$W1$xDP1 Fondo S. Lanza$y121$m2 A 44$j115036$qFondi$B165973$CPULBib$Z2$F165973 $HLan2024 $82 941 1 $a1 961 $aNota ms. di possesso: Sergio Lanza. 996 $6020$z88-07-08015-X*$9(OLS)http://pul/number/157635 996 $6245$aIl mondo incantato :$buso, importanza e significati psicoanalitici delle fiabe$9(OLS)http://pul/title/181640 996 $6260$aMilano :$bFeltrinelli$9(OLS)http://pul/publisher/48846